Statistiques concernant Les surnoms des chanteurs connus

Cliquez ici pour prendre le quiz!

Statistiques générales

  • Ce quiz a été pris 408 fois
  • Le résultat moyen est 9 sur 17

Statistiques - réponses

SurnomPrénom et Nom du chanteur% Correct
ClocloClaude François
94%
La mômeEdith Piaf
87%
The kingElvis Presley
78%
MMathieu Chedid
71%
La tortueChristophe Willem
69%
Le taulierJohnny Hallyday
59%
Le fou chantantCharles Trenet
58%
La dame bruneBarbara
56%
SchmollEddy Mitchell
55%
La princesse de la BarbadeRihanna
53%
Monsieur 100 000 voltsGilbert Bécaud
51%
Le petit prince du raïFaudel
48%
Le zoulou blancJohnny Clegg
37%
The voiceFrank Sinatra
28%
La diva aux pieds nusCesaria Evora
20%
The geniusRay Charles
17%
La chanteuse aux pieds nusSandie Shaw
6%

Distribution des résultats

Percentile par nombre de réponses

% des personnes avec chaque résultat

Votre développement - résultats

Vous n’avez pas pris ce quiz